Quizz Pokémon 4G - Statistiques

Statistiques générales
  • Ce quiz a été pris 402 fois
  • Le résultat moyen est 75 sur 107
Statistiques - réponses
Nom % Correct
387 Tortipouss
98%
389 Torterra
97%
483 Dialga
96%
484 Palkia
96%
395 Pingoléon
96%
392 Simiabraz
96%
393 Tiplouf
96%
390 Ouisticram
95%
388 Boskara
94%
391 Chimpenfeu
94%
487 Giratina
94%
398 Étouraptor
93%
394 Prinplouf
93%
491 Darkrai
92%
396 Étourmi
92%
397 Étourvol
92%
493 Arceus
88%
482 Créfadet
88%
481 Créfollet
88%
399 Keunotor
88%
404 Luxio
88%
405 Luxray
88%
403 Lixy
87%
400 Castorno
86%
488 Cresselia
86%
445 Carchacrok
85%
480 Créhelf
85%
466 Élekable
83%
467 Maganon
83%
490 Manaphy
82%
489 Phione
82%
492 Shaymin
82%
444 Carmache
81%
443 Griknot
81%
485 Heatran
80%
486 Regigigas
79%
407 Roserade
79%
411 Bastiodon
78%
410 Dinoclier
77%
448 Lucario
77%
447 Riolu
76%
471 Givrali
75%
408 Kranidos
75%
419 Mustéflott
75%
442 Spiritomb
75%
418 Mustébouée
74%
470 Phyllali
74%
406 Rozbouton
71%
409 Charkos
69%
413 Cheniselle
69%
412 Cheniti
69%
432 Chaffreux
67%
431 Chaglam
67%
402 Mélokrik
67%
401 Crikzik
66%
429 Magirêve
66%
464 Rhinastoc
66%
468 Togekiss
66%
416 Apireine
65%
415 Apitrini
65%
426 Grodrive
65%
478 Momartik
65%
479 Motisma
65%
430 Corboss
64%
425 Baudrive
63%
435 Moufflair
63%
423 Tritosor
63%
459 Blizzi
62%
437 Archéodong
61%
436 Archéomire
61%
460 Blizzaroi
61%
434 Moufouette
61%
420 Ceribou
60%
421 Ceriflor
60%
461 Dimoret
60%
475 Gallame
60%
462 Magnézone
60%
440 Ptiravi
60%
422 Sancoki
60%
454 Coatox
59%
472 Scorvol
59%
417 Pachirisu
57%
465 Bouldeneu
56%
477 Noctunoir
56%
414 Papilord
56%
453 Cradopaud
55%
450 Hippodocus
55%
449 Hippopotas
55%
452 Drascore
54%
446 Goinfrex
54%
473 Mammochon
53%
439 Mime Jr.
52%
474 Porygon-Z
52%
451 Rapion
52%
424 Capidextre
51%
438 Manzaï
51%
469 Yanmega
50%
427 Laporeille
48%
428 Lockpin
48%
441 Pijako
47%
476 Tarinorme
47%
455 Vortente
47%
463 Coudlangue
46%
456 Écayon
46%
457 Luminéon
46%
433 Korillon
42%
458 Babimanta
38%
Aucun quiz correspondant
Distribution des résultats
% des personnes avec chaque résultat
Percentile par nombre de réponses
Votre historique - résultats
Vous n’avez pas pris ce quiz